000 00459nam a2200181Ia 4500
001 3679
005 20260306145701.0
008 260306t2003||||xx |||||||||||||| ||spa||
041 _aESP
082 _a302
_bA47P
100 _aAlvaro, José Luis
_eAUT
245 0 _aPsicología social:
_bperspectiva psicológicas y sociológicas
260 _c2003
300 _axvi, 532 páginas :
_c24 cm.
650 _aGEN
654 _aCPS
942 _cLIB
_dJUS
_fJUS
_2ddc
_n
999 _c3679
_d3679